000 00799cam a22002054a 4500
005 20250605164158.0
008 250528s ||||||||||||||||||||||||d
035 _a19689
020 _a960925151
040 _aGR-AtMCL
_bgre
_dGR-AtMCL
_eAACR2
245 1 _aΧΡΗΜΑΤΟΟΙΚΟΝΟΜΙΚΗ ΔΙΟΙΚΗΣΗ ΤΟΜΟΣ Α / Βασικές Έννοιες Χρηματοοικονομικής. Χρηματοοικονομικός Σχεδιασμός και Διοίκηση Κεφαλαίου Κίνησης
250 _a2
260 _bΠανεπιστημιο Μακεδονίας,
_c2005
300 _a735
700 1 _aΛαζαριδης Γιαννης Τ
_95896
700 1 _aΠαπαδοπουλος Δημητριος
_95885
942 _cBK
999 _c4945
_d4945